LEADER 01287nam a2200193 i 4500 001 000000237406 003 CaOOAMICUS 005 20141223000000.0 008 141223s1855 xx u000 u lat u 013 $a216311 040 $aSeMil$bita 245 10$aVol. 4. Parte 1. 300 $a354 p., [10] c. di tav. :$bill. 490 0 $aNuova biblioteca edificante : ossia raccolta di opere storiche, morali e religiose utile ad ogni persona d'ogni classe e d'ogni etą ;$v48 773 0 $aGaume, Joseph <1802-1879>$tCatechismo di perseveranza ovvero Esposizione storica, dogmatica, morale e liturgica della religione dall'origine del mondo fino ai nostri giorni.$bVersione italiana sulla 4. edizione parigina aumentata di note sulla geologia.$dNapoli : A spese della Societą Editrice, 1855.$kNuova biblioteca edificante : ossia raccolta di opere storiche, morali e religiose utile ad ogni persona d'ogni classe e d'ogni etą$g4$w()31184 830 0$aNuova biblioteca edificante : ossia raccolta di opere storiche, morali e religiose utile ad ogni persona d'ogni classe e d'ogni etą ;$v48.$0(OLS)http://semarc/title/21774 850 $aSeMil 852 $aSeMil$W1$xVenegono$y1$m3C IV 84 FA$j187752$B187752$CSeMilBibl$Z2$F198661 $8I 996 $6245$aVol. 4. Parte 1$9(OLS)http://semarc/title/338415 LEADER 00852nam a2200217 i 4500 001 000000201030 003 CaOOAMICUS 005 20110418000000.0 008 110418s1901 it u000 u ita u 013 $a179731 040 $aSeMil$bita 100 1 $aScerbo, Francesco.$0(OLS)http://semarc/name/19024 245 13$aLa Canzone di Gabriele D'Annunzio in morte di Giuseppe Verdi /$cFrancesco Scerbo. 260 $a[S.l. :$bs.n.],$c1901. 300 $aP. 692-600 ;$c23 cm. 500 $aEstratto da «La rassegna nazionale». 773 0 $t[Miscellanea.$w()24790 850 $aSeMil 852 $aSeMil$W1$xVenegono$y1$m5B II 3/11A FA$j248218$B151559$CSeMilBibl$Z2$F162769 $81 996 $6245$aLa Canzone di Gabriele D'Annunzio in morte di Giuseppe Verdi$9(OLS)http://semarc/title/290848 996 $6260$a[S.l. :$bs.n.]$9(OLS)http://semarc/publisher/29751